Gospel and the Nobel Eightfold Path As a Search for a New World Order (Record no. 223780)
[ view plain ]
| 000 -LEADER | |
|---|---|
| fixed length control field | 00789nam a22002537a 4500 |
| 005 - DATE AND TIME OF LATEST TRANSACTION | |
| control field | 20220714150536.0 |
| 008 - FIXED-LENGTH DATA ELEMENTS--GENERAL INFORMATION | |
| fixed length control field | 220714b ||||| |||| 00| 0 eng d |
| 020 ## - INTERNATIONAL STANDARD BOOK NUMBER | |
| International Standard Book Number | 8185812276 |
| 040 ## - CATALOGING SOURCE | |
| Transcribing agency | AL |
| 041 ## - LANGUAGE CODE | |
| Language code of text/sound track or separate title | English |
| 082 ## - DEWEY DECIMAL CLASSIFICATION NUMBER | |
| Edition number | 23 |
| Classification number | 261.243 |
| Item number | PERG |
| 100 ## - MAIN ENTRY--PERSONAL NAME | |
| Personal name | Raveen Perera |
| 100 ## - MAIN ENTRY--PERSONAL NAME | |
| 9 (RLIN) | 49461 |
| 245 ## - TITLE STATEMENT | |
| Title | Gospel and the Nobel Eightfold Path As a Search for a New World Order |
| 260 ## - PUBLICATION, DISTRIBUTION, ETC. | |
| Place of publication, distribution, etc. | Bangalore |
| Name of publisher, distributor, etc. | Indian Institute of Spirituality |
| Date of publication, distribution, etc. | 2000 |
| 300 ## - PHYSICAL DESCRIPTION | |
| Extent | xii,298 p. |
| Other physical details | PB |
| Dimensions | 21.5x14 cm. |
| 650 ## - SUBJECT ADDED ENTRY--TOPICAL TERM | |
| Topical term or geographic name entry element | Buddhist interpretations of Jesus Christ |
| 9 (RLIN) | 49462 |
| 650 ## - SUBJECT ADDED ENTRY--TOPICAL TERM | |
| Topical term or geographic name entry element | Interfaith relations |
| 9 (RLIN) | 49463 |
| 650 ## - SUBJECT ADDED ENTRY--TOPICAL TERM | |
| Topical term or geographic name entry element | Jesus Christ |
| 9 (RLIN) | 49464 |
| 650 ## - SUBJECT ADDED ENTRY--TOPICAL TERM | |
| Topical term or geographic name entry element | Buddhism |
| 9 (RLIN) | 49465 |
| 650 ## - SUBJECT ADDED ENTRY--TOPICAL TERM | |
| Topical term or geographic name entry element | Christianity |
| 9 (RLIN) | 49466 |
| 650 ## - SUBJECT ADDED ENTRY--TOPICAL TERM | |
| Topical term or geographic name entry element | Eightfold Path |
| 9 (RLIN) | 49467 |
| 700 ## - ADDED ENTRY--PERSONAL NAME | |
| Personal name | PERERA (Raveen) |
| 9 (RLIN) | 49468 |
| 942 ## - ADDED ENTRY ELEMENTS (KOHA) | |
| Source of classification or shelving scheme | Dewey Decimal Classification |
| Koha item type | George Fernandes Collections |
| Withdrawn status | Lost status | Source of classification or shelving scheme | Damaged status | Not for loan | Collection code | Home library | Current library | Date acquired | Total Checkouts | Full call number | Barcode | Date last seen | Price effective from | Koha item type |
|---|---|---|---|---|---|---|---|---|---|---|---|---|---|---|
| Dewey Decimal Classification | Others | St Aloysius Library | St Aloysius Library | 03/23/2013 | 261.243 PERG | GF01036 | 07/14/2022 | 07/14/2022 | George Fernandes Collections |